Decentramento organizzativo e centri di profitto nelle imprese
Shranjeno v:
| Glavni avtor: | |
|---|---|
| Format: | Knjiga |
| Jezik: | italijanščina |
| Izdano: |
Milán
Franco Angeli
1980
|
| Serija: | Economía e Direzione d'Impresa, 4
|
| Teme: | |
| Oznake: |
Označite
Brez oznak, prvi označite!
|
MARC
| LEADER | 00000nam a2200000 a 4500 | ||
|---|---|---|---|
| 001 | UCU6718 | ||
| 003 | CL-VaPUC | ||
| 008 | 960621e19800000IT |||||||||||||||||ita|d | ||
| 082 | 0 | 4 | |a 658 |b BEL |2 21 |
| 100 | 0 | |a Bellandi, Giuseppe |e author |9 365061 | |
| 245 | 1 | 0 | |a Decentramento organizzativo e centri di profitto nelle imprese |
| 300 | |a 168 p | ||
| 942 | |c BK | ||
| 945 | |d 19960621 00:00:00 |a paguirre | ||
| 260 | |a Milán |b Franco Angeli |c 1980 | ||
| 650 | 0 | |a Empresas |9 255569 | |
| 650 | 0 | |a Administración |9 259325 | |
| 650 | 0 | |a Administración de empresas |9 260833 | |
| 650 | 0 | |a Producción |9 263680 | |
| 650 | 7 | |a FINANCIACION |2 CL-VaPUC |9 351156 | |
| 583 | |a last modification |c 19960621 00:00:00 |k Rodrigo Vera | ||
| 490 | 0 | |a Economía e Direzione d'Impresa, 4 | |
| 999 | |c 249542 |d 249540 | ||
| 952 | |0 0 |1 0 |4 0 |6 658_000000000000000_BEL_1980 |7 0 |8 A |9 266834 |a BIBING |b BIBING |d 2019-11-19 |i 1690205 |o 658 BEL 1980 |p 1690205 |r 2025-01-20 |w 2019-11-19 |y BK |k ING | ||